| 000 | 00701nam a22001937a 4500 | ||
|---|---|---|---|
| 999 |
_c14337 _d14337 |
||
| 003 | MIRAKIL | ||
| 005 | 20210325162115.0 | ||
| 008 | 210325b tu ||||| |||| 00| 0 tur d | ||
| 040 |
_aTR-AnCHP _cTR-AnCHP |
||
| 041 | _aTur | ||
| 082 |
_aATA 923.156 _bA72 1982 |
||
| 245 | 1 | 0 | _aAtatürk ve barış/ |
| 260 |
_aAnkara: _bTürkiye İş Bankası, _c1982. |
||
| 300 |
_a397 s.: _bfotg.; _c19 sm. |
||
| 490 | 0 |
_aTürkiye İş Bankası kültür yayınları ; _aAtatürk dizisi ; _vgenel yayın no. 235 _v24 |
|
| 500 | _aTürkiye İş Bankası 1981 "Atatürk ve Barış" yazı yarışmasında ödül ve mansiyon olan 32 yazı | ||
| 600 | 1 | 4 |
_91465 _aAtatürk, Gazi Mustafa Kemal _d1881-1938 |
| 942 |
_2ddc _cBKS |
||